000 00616nam a22002297a 4500
001 99380
003 UA-OsUOA
005 20201020105052.0
007 ta
008 20130426b un ||||| |||| 00| 0 ukr d
040 _aUA-OsUOA
_brus
_cUA-OsUOA
_dUA-OsUOA
041 _arus
080 _a821.161.1
090 _a821.161.1
_bС30
100 _aСеменов Ю.
245 _aПозиція: експансія-ІІ
_nкн. 3
_pч. 2
260 _aК.
_bУкраїна
_c1991
300 _a460 с.
650 7 _a82 Література. Літературознавство
_2UDC
942 _cBK
_2udc
955 _a3
999 _c385492
_d385492